1756 1794 1881 1822 1919 1242 1844 1640 1682 1950 1530 1938 1315 1002 1954 1686 1023 1571 1707 1733 1946 1378 1441 1437 1839 1926 1781 1403 1954 1249 1183 1616 1413 1112 1579 1745 1820 1314 1140 1384 1136 1349 1172 1013 1157 1031 1196 1549 1835 1731 1506 1938 1598 1588 1002 1718 1281 1055 1819 1578 1331 1317 1257 1137 1527 1505 1343 1359 1695 1680 1919 1836 1464 1652 1960 1259 1840 1818 1443 1189 1823 1003 1136 1107 1310 1527 1185 1427 1253 1934 1309 1502 1770 1245 1274 1184 1128 1264 1551 BCNSPRNW ULIB Ver.6.0+V

เปลี่ยนเป็นภาษาไทย

Change to English
 แสดงรายละเอียดบรรณานุกรม
  กลับหน้าหลัก

Brief Record : Get Marc (ISO 2709) : E-mail record : QR code < ปิดหน้าต่าง
LEADER : 00000nam 2200000uu 4500
001    13399124593
003     ULIB
008    151014s2015||||th 000 0 tha d
020    ^a9781259253973
060  4 ^aWY26.5^bS111E
100 1  ^aSaba,Virginia K.
245    ^aESSENTIALS OF NURSING INFORMATICS./^cVirginia K. Saba,Kathleen Ann McCormick
250    ^a6th ed
260    ^a New York:^bMcgraw Hill,^c2015
300    ^a886 pages;^b23 cm
650    ^aNursing information.
650    ^aNursing informatics
700    ^aKathleen Ann McCormick.
945    ^p0^l0^i000094
945    ^p0^l0^i000095
945    ^p0^l0^i000096
999    ^aเกษร โพธิ์สุวรรณ
รายการนี้ยังไม่มีแท็ก
คุณยังไม่ได้ล็อกอิน คุณสามารถมีกิจกรรมร่วมกับเว็บไซต์ได้ แต่ต้องล็อกอินก่อน ::
  ล็อกอิน

รายการสื่อสารสนเทศ

ลำดับที่ ประเภท เลขเรียก/บาร์โค้ด สถานที่ สถานะ
1. Book การพยาบาล
Book การพยาบาล
WY26.5 S111E ฉ.1 
  Barcode: 000094
ห้องสมุดวิทยาเขตสวรรค์ประชารักษ์
►หนังสือทั่วไป
บนชั้น
2. Book การพยาบาล
Book การพยาบาล
WY26.5 S111E ฉ.2 
  Barcode: 000095
ห้องสมุดวิทยาเขตสวรรค์ประชารักษ์
►หนังสือทั่วไป
บนชั้น
3. Book การพยาบาล
Book การพยาบาล
WY26.5 S111E ฉ.3 
  Barcode: 000096
ห้องสมุดวิทยาเขตสวรรค์ประชารักษ์
►หนังสือทั่วไป
บนชั้น

รายการใกล้เคียง
    หัวเรื่อง [Nursing information.]

BibComment


ยังไม่เคยถูกคอมเมนท์

คอมเมนท์ทรัพยากรรายการนี้
  คอมเมนท์: ESSENTIALS OF NU..


 Copyright 2026. Bcnsprnw @Library